00421nam a2200157Ia 4500008004100000040001900041041001200060082002700072100002100099245003400120260002600154300001900180650002000199651002300219850002100242131103s9999 xx 000 0 und d aLoreto College aEnglish a823.91/CHRbLCBED/6289 aChristie, Agatha 4aThe big fourcAgatha Christie aLondonbFontanac1978 a159p. c 18cm. aEnglish fiction aEnglish literature aLCBED/823.91/CHR